000 01001nam a22001817a 4500
005 20241204150720.0
008 230712b ||||| |||| 00| 0 eng d
040 _cSSBUL
082 _223
_a၃၂၀.၉၅၉၁ ရဲ
_b၁၆၀၉၁ (S-SAT)
100 _aရဲခေါင်ကျော်စွာ။
_927799
245 _aဦးနုပြည်ပြေးဘဝကဘာတွေဖြစ်ခဲ့သလဲ ဘာတွေလုပ်ခဲ့သလဲ /
_cရဲခေါင်ကျော်စွာ။
260 _aရန်ကုန် ၊
_bကြေးမုံသတင်းစာတိုက်၊
_c၁၉၉၁။
300 _a၈၁ စာမျက်နှာ၊
_c၂၃ စင်တီ။
500 _aS-SAT: Dr. Sai Aung Tun Collection
650 _aအတ္ထုပ္ပတ္တိ
_vနု၊ ဦး။
_927846
651 _aမြန်မာနိုင်ငံ
_vနိုင်ငံရေးနှင့်အစိုးရ။
_98876
942 _2ddc
_cBK1
999 _c27100
_d27100